[Event "Leverkusen - Lasker Köln 2"]
[Site "?"]
[Date "2024.02.25"]
[Round "6.8"]
[White "Henseler, Klaus"]
[Black "Kroeger, Sven"]
[Result "1-0"]
[WhiteElo "1894"]
[BlackElo "1411"]
[PlyCount "117"]
[EventDate "2024.??.??"]
[SourceVersionDate "2020.03.16"]

1. Nf3 d6 2. d4 Nd7 3. g3 Ngf6 4. Bg2 g6 5. O-O Bg7 6. c4 O-O 7. Nc3 Re8 8. d5 e5 9. dxe6 Rxe6 10. Nd4 Re8 11. b3 a6 12. Bb2 Rb8 13. Qd2 Nc5 14. f3 Qe7 15. e4 Ne6 16. Nxe6 Bxe6 17. Rfe1 Nd7 18. f4 Qd8 19. Rac1 f6 20. a4 Nc5 21. Qc2 Bf7 22. b4 Nd7 23. Nd5 c6 24. Ne3 Qb6 25. Qd2 Qc7 26. Red1 Nb6 27. Qc2 Rbd8 28. a5 Nd7 29. Qd3 Nf8 30. Ng4 Qe7 31. Nf2 Ne6 32. Qc2 Nc7 33. Bf1 c5 34. b5 Be6 35. b6 Na8 36. Re1 Bd7 37. Bg2 Bc6 38. Rcd1 Qf7 39. Rd2 Bf8 40. Rde2 Bg7 41. Nd1 Qd7 42. Ne3 Qf7 43. Rd1 Qe6 44. Nd5 Qf7 45. Bc3 Bxd5 46. Rxd5 Qe6 47. Qd2 Qe7 48. Bf3 h5 49. h4 Kh7 50. Kg2 Qf8 51. Qd3 Qe7 52. Rd2 Qe6 53. f5 gxf5 54. Rxf5 Nxb6 55. axb6 d5 56. exd5 Qc8 57. Rxh5+ Kg8 58. d6 Qd7 59. Qg6 1-0

[Event "Klub Kölner SF II - Porz 3"]
[Site "?"]
[Date "2024.02.25"]
[Round "6.1"]
[White "Kremser, Michael"]
[Black "Raasch, Joerg"]
[Result "1/2-1/2"]
[WhiteElo "1992"]
[BlackElo "2281"]
[PlyCount "99"]
[EventDate "2024.??.??"]
[SourceVersionDate "2020.03.16"]

1. Nf3 d5 2. b3 Nf6 3. Bb2 c6 4. e3 Bf5 5. Be2 Nbd7 6. Nh4 e6 7. Nxf5 exf5 8. c4 Nc5 9. Qc2 Nfe4 10. d3 Nf6 11. O-O Bd6 12. Nd2 O-O 13. Nf3 Re8 14. cxd5 Nxd5 15. a3 a5 16. Nd4 Qg5 17. Bf3 Nf6 18. b4 Ne6 19. b5 Nxd4 20. Bxd4 cxb5 21. Bxb7 Rab8 22. Bf3 Ng4 23. h3 Nh2 24. Bc6 Rec8 25. f4 Qg3 26. Rfc1 Nf3+ 27. Bxf3 Rxc2 28. Rxc2 h6 29. Rc6 Be7 30. Rc7 Bf6 31. Bxf6 gxf6 32. Kf1 b4 33. axb4 Rxb4 34. Rc2 a4 35. Ke2 a3 36. Rxa3 Rb1 37. d4 Qe1+ 38. Kd3 Qf1+ 39. Kd2 Re1 40. Ra8+ Kg7 41. Re8 Ra1 42. Rec8 Qe1+ 43. Kd3 Qb1 44. Kd2 Qb4+ 45. R8c3 Rf1 46. d5 Qb5 47. Rc5 Rf2+ 48. Kc1 Rf1+ 49. Kd2 Rf2+ 50. Kc1 1/2-1/2

[Event "Klub Kölner SF II - Porz 3"]
[Site "?"]
[Date "2024.02.25"]
[Round "6.2"]
[White "Wisskirchen, Andreas"]
[Black "Wittig, Till"]
[Result "1/2-1/2"]
[WhiteElo "2215"]
[BlackElo "1970"]
[PlyCount "47"]
[EventDate "2024.??.??"]
[SourceVersionDate "2020.03.16"]

1. d4 Nf6 2. Nf3 g6 3. c4 Bg7 4. Nc3 O-O 5. e4 d6 6. Be2 e5 7. O-O Nc6 8. Be3 exd4 9. Nxd4 Re8 10. f3 Nd7 11. Nd5 a6 12. Qd2 Nc5 13. b4 Ne6 14. Nxe6 Bxe6 15. Rac1 Ne5 16. Rfd1 Rc8 17. b5 b6 18. h3 a5 19. Rf1 Nd7 20. Nf4 Nc5 21. Nxe6 Nxe6 22. Rcd1 Qf6 23. f4 Qc3 24. Kh2 1/2-1/2

[Event "Klub Kölner SF II - Porz 3"]
[Site "?"]
[Date "2024.02.25"]
[Round "6.3"]
[White "Spindler, Florian"]
[Black "Schwibbert, Jonas"]
[Result "0-1"]
[WhiteElo "1957"]
[BlackElo "2110"]
[PlyCount "86"]
[EventDate "2024.??.??"]
[SourceVersionDate "2020.03.16"]

1. d4 d5 2. c4 dxc4 3. Nc3 a6 4. e4 b5 5. a4 b4 6. Nd5 e6 7. Ne3 Bb7 8. f3 Nc6 9. d5 exd5 10. Qxd5 Nf6 11. Qxc4 Bd6 12. Nh3 Nd7 13. Nf5 Nde5 14. Qc2 O-O 15. Be2 b3 16. Qxb3 Bb4+ 17. Kf2 Rb8 18. Bg5 Bc5+ 19. Kg3 Qe8 20. Qc2 Ba7 21. Rhe1 Bc8 22. Be3 Bxe3 23. Nxe3 Bxh3 24. gxh3 Qd8 25. Rad1 Nd4 26. Qd2 c5 27. Rg1 Qb6 28. Ng4 Ng6 29. h4 Qc7+ 30. Kf2 h5 31. Nh6+ gxh6 32. Qxh6 Rxb2 33. Rde1 Qxh2+ 34. Rg2 Qxh4+ 35. Kf1 Qf6 36. e5 Qg7 37. Qxh5 Nxe2 38. Qh2 Rd8 39. Rgxe2 Rxe2 40. Qxe2 Qh6 41. Qxa6 Rd2 42. Re2 Rd1+ 43. Kf2 Qh4+ 0-1

[Event "Klub Kölner SF II - Porz 3"]
[Site "?"]
[Date "2024.02.25"]
[Round "6.4"]
[White "Maric, Boris"]
[Black "Paulus, Jeffrey"]
[Result "1-0"]
[WhiteElo "2072"]
[BlackElo "1985"]
[PlyCount "45"]
[EventDate "2024.??.??"]
[SourceVersionDate "2020.03.16"]

1. d4 Nf6 2. c4 e6 3. Nc3 b6 4. e4 Bb4 5. f3 d5 6. Qa4+ Nc6 7. cxd5 Nxd5 8. exd5 Qh4+ 9. g3 Qxd4 10. Qxc6+ Ke7 11. Nge2 Qd3 12. Bg5+ f6 13. Rd1 Qf5 14. dxe6 Bxe6 15. Qxc7+ Bd7 16. Nd4 Bxc3+ 17. bxc3 Qxg5 18. Nc6+ Kf8 19. Qd6+ Kf7 20. Qxd7+ Kg6 21. Ne7+ Kh6 22. Nf5+ Kg6 23. Qxg7+ 1-0

[Event "Klub Kölner SF II - Porz 3"]
[Site "?"]
[Date "2024.02.25"]
[Round "6.5"]
[White "Sistig, Max"]
[Black "Strehse, Nelson"]
[Result "0-1"]
[WhiteElo "1910"]
[BlackElo "1979"]
[PlyCount "110"]
[EventDate "2024.??.??"]
[SourceVersionDate "2020.03.16"]

1. d4 Nf6 2. c4 e6 3. Nc3 Bb4 4. Qc2 O-O 5. Nf3 d5 6. cxd5 exd5 7. Bf4 Ne4 8. e3 c5 9. Bd3 Bf5 10. dxc5 Nd7 11. Nd4 Bg6 12. c6 bxc6 13. Nxc6 Bxc3+ 14. bxc3 Qf6 15. Nb4 Nb6 16. O-O Rac8 17. Nxd5 Nxd5 18. Bxe4 Rxc3 19. Qb1 Nxf4 20. exf4 Qxf4 21. Bxg6 hxg6 22. a4 Rfc8 23. Qb7 R3c7 24. Qd5 Rc2 25. g3 Qf6 26. Rab1 Rd8 27. Qb7 Qd4 28. Rb4 Qd7 29. Rfb1 Rd2 30. Rf4 Rd4 31. Qb2 Rxa4 32. Rf3 Qd5 33. Re3 Ra2 34. Qb7 Ra1 35. Qb3 Qxb3 36. Rexb3 Rxb1+ 37. Rxb1 Ra8 38. Kf1 a5 39. Ke2 a4 40. Ra1 a3 41. Kd3 Kf8 42. Kc3 Ke7 43. Kb3 Kf6 44. Rxa3 Rxa3+ 45. Kxa3 Ke5 46. Kb4 g5 47. Kc5 g4 48. Kc6 Ke4 49. Kd6 Kf3 50. Ke5 g6 51. Kf6 Kxf2 52. Kg5 Kf3 53. Kh4 f6 54. h3 g5+ 55. Kh5 gxh3 0-1

[Event "Klub Kölner SF II - Porz 3"]
[Site "?"]
[Date "2024.02.25"]
[Round "6.7"]
[White "Menzel, Maximilian"]
[Black "Goldenstein, Arnd"]
[Result "1-0"]
[WhiteElo "2103"]
[BlackElo "1879"]
[PlyCount "155"]
[EventDate "2024.??.??"]
[SourceVersionDate "2020.03.16"]

1. d4 d5 2. Nf3 Nf6 3. g3 c6 4. Bg2 Bf5 5. c4 e6 6. Nc3 Be7 7. Qb3 Qb6 8. c5 Qxb3 9. axb3 Na6 10. Bf4 Bc2 11. O-O O-O 12. Rfc1 Nb4 13. Ra4 a5 14. Nd2 Bg6 15. Bc7 Bd8 16. Bxd8 Rfxd8 17. Na2 Rdb8 18. Nxb4 axb4 19. Rca1 Rxa4 20. bxa4 e5 21. Nf3 exd4 22. Nxd4 Nd7 23. Rc1 Ra8 24. Bh3 Nf8 25. b3 Re8 26. Rd1 Ne6 27. Nxe6 fxe6 28. Rd4 Bc2 29. Rxb4 Re7 30. Kf1 Kf7 31. Ke1 Ke8 32. Kd2 Bg6 33. a5 Kd8 34. f4 Kc7 35. Ra4 Bf7 36. e3 e5 37. fxe5 Rxe5 38. Rf4 Bg6 39. Bf1 Kb8 40. h4 Ka7 41. g4 h6 42. Be2 Re7 43. Rb4 Re6 44. Rb6 Be8 45. Bd3 Bg6 46. Be2 Be8 47. a6 bxa6 48. Rxa6+ Kb7 49. Ra4 Bg6 50. Ba6+ Kc7 51. Rb4 Re7 52. Rb7+ Kd8 53. Rxe7 Kxe7 54. Kc3 Be8 55. Kd4 Bd7 56. g5 hxg5 57. hxg5 Ke6 58. Bf1 Ke7 59. Ke5 Be8 60. Bh3 Bh5 61. Bf5 Bd1 62. b4 Be2 63. Bc2 Bb5 64. Bd1 Kd7 65. Bb3 Ke7 66. Bc2 Bf1 67. Bf5 Bb5 68. Kd4 Be2 69. Bd3 Bf3 70. b5 cxb5 71. Bxb5 Ke6 72. Bd3 Bg2 73. Bh7 Kd7 74. Bg8 Kc6 75. Bf7 Be4 76. Be8+ Kc7 77. Ke5 Kd8 78. Bf7 1-0

[Event "Klub Kölner SF II - Porz 3"]
[Site "?"]
[Date "2024.02.25"]
[Round "6.8"]
[White "Lemaic, Mile"]
[Black "Marcziter, Alex"]
[Result "0-1"]
[WhiteElo "1785"]
[BlackElo "1864"]
[PlyCount "58"]
[EventDate "2024.??.??"]
[SourceVersionDate "2020.03.16"]

1. e4 e5 2. Nf3 Nc6 3. Bc4 Nf6 4. d4 exd4 5. e5 d5 6. exf6 dxc4 7. O-O Be6 8. Re1 h6 9. Na3 Qxf6 10. Nxc4 O-O-O 11. Nfd2 Bd5 12. b3 Bb4 13. Bb2 Qg6 14. f3 Bc3 15. Qc1 Rhe8 16. Rxe8 Rxe8 17. Qd1 Qe6 18. a4 Nb4 19. Rc1 Bxb2 20. Nxb2 Na2 21. Ra1 Nc3 22. Qf1 Qe3+ 23. Qf2 Qxf2+ 24. Kxf2 Re2+ 25. Kf1 Rxd2 26. Rc1 Bxb3 27. Nd3 Bxc2 28. Ne5 f6 29. Nc4 Bd3+ 0-1

[Event "Lasker Köln- Rheinhausen"]
[Site "?"]
[Date "2024.03.17"]
[Round "7.1"]
[White "Nabuurs, Mart"]
[Black "Di Franco, Patricio"]
[Result "1-0"]
[WhiteElo "2279"]
[BlackElo "2050"]
[PlyCount "81"]
[EventDate "2024.03.15"]
[SourceVersionDate "2020.03.16"]
[WhiteTeam "OSC Rheinhausen"]
[BlackTeam "Kölner SK Dr. Lasker 2"]

1. e4 c5 2. Nf3 Nc6 3. d4 cxd4 4. Nxd4 g6 5. c4 Nf6 6. Nc3 d6 7. Nc2 Bg7 8. Be2 Nd7 9. Bd2 O-O 10. O-O Nc5 11. b4 Bxc3 12. Bxc3 Nxe4 13. Bb2 e5 14. Qe1 Qg5 15. Bc1 Qh4 16. g3 Qe7 17. f3 Ng5 18. b5 Nd4 19. Nxd4 exd4 20. Qd2 Re8 21. Bd3 Qe3+ 22. Qxe3 dxe3 23. Be2 Bh3 24. Re1 Rad8 25. f4 Ne4 26. Bf3 Nd2 27. Bxd2 exd2 28. Red1 Re3 29. Kf2 Rd3 30. Be2 Rd4 31. Ke3 Re8+ 32. Kxd4 Rxe2 33. Kc3 Be6 34. Rxd2 Bxc4 35. Rxe2 Bxe2 36. a4 d5 37. Re1 Bf3 38. Re7 Kf8 39. Rc7 a6 40. Kd4 axb5 41. axb5 1-0

[Event "Lasker Köln- Rheinhausen"]
[Site "?"]
[Date "2024.03.17"]
[Round "7.2"]
[White "Fohler, Claus"]
[Black "Heinert, Eugen"]
[Result "1/2-1/2"]
[WhiteElo "2241"]
[BlackElo "2130"]
[PlyCount "86"]
[EventDate "2024.03.15"]
[SourceVersionDate "2020.03.16"]
[WhiteTeam "Kölner SK Dr. Lasker 2"]
[BlackTeam "OSC Rheinhausen"]

1. d4 Nf6 2. Nc3 d5 3. Bf4 c5 4. e4 Nxe4 5. Nxe4 dxe4 6. dxc5 Qa5+ 7. c3 Qxc5 8. Qa4+ Bd7 9. Qxe4 Bc6 10. Qe3 Nd7 11. Nf3 Qxe3+ 12. Bxe3 e5 13. O-O-O b5 14. Rxd7 Bxd7 15. Nxe5 a6 16. Be2 Bd6 17. Bf3 Rd8 18. Nxd7 Kxd7 19. Bb7 a5 20. Bd5 f6 21. Kc2 Kc7 22. Be4 Rde8 23. Bd3 b4 24. g4 bxc3 25. bxc3 Be5 26. h4 h6 27. Rb1 Rb8 28. Rb3 Bd6 29. Bb5 h5 30. g5 fxg5 31. Bxg5 Rhf8 32. Be3 g5 33. hxg5 h4 34. Bf1 a4 35. Rxb8 Rxb8 36. Bh3 a3 37. Kd3 Rb2 38. Be6 h3 39. Bxh3 Rxa2 40. g6 Bf8 41. Be6 Rb2 42. Bc1 Rxf2 43. Bxa3 Bxa3 1/2-1/2

[Event "Lasker Köln- Rheinhausen"]
[Site "?"]
[Date "2024.03.17"]
[Round "7.3"]
[White "Feldhaus, Sebastian"]
[Black "Rosenkraenzer, Torsten"]
[Result "1/2-1/2"]
[WhiteElo "2082"]
[BlackElo "2039"]
[PlyCount "113"]
[EventDate "2024.03.15"]
[SourceVersionDate "2020.03.16"]
[WhiteTeam "OSC Rheinhausen"]
[BlackTeam "Kölner SK Dr. Lasker 2"]

1. d4 d5 2. c4 e6 3. Nc3 Bb4 4. e3 Nf6 5. Bd3 e5 6. dxe5 dxc4 7. Qa4+ Nc6 8. Bxc4 Ne4 9. Nge2 Nc5 10. Qc2 Nxe5 11. a3 Nxc4 12. axb4 Qd3 13. Nd4 Qxc2 14. Nxc2 Nb3 15. Rb1 Be6 16. Nd4 Nxd4 17. exd4 O-O-O 18. b3 Nd6 19. d5 Bf5 20. Ra1 Bc2 21. Rxa7 Bxb3 22. O-O Rhe8 23. Bf4 Bc4 24. Rfa1 Nb5 25. Nxb5 Bxb5 26. Rc1 Kb8 27. Ra5 Rxd5 28. Bxc7+ Kc8 29. Be5+ Kd7 30. Bxg7 Re2 31. Bf8 Red2 32. h3 Bc6 33. Raa1 Rg5 34. g3 Re5 35. Bh6 Rd3 36. Bf4 Rh5 37. Kh2 Rd4 38. Rc5 Rxc5 39. bxc5 Rd5 40. Be3 Rd3 41. g4 Ke6 42. Kg3 Kf6 43. Ra8 Rd1 44. Kf4 Rh1 45. Ra3 Ke6 46. Kg3 Rd1 47. h4 f5 48. f3 Rf1 49. Bh6 fxg4 50. fxg4 Kf6 51. Bg5+ Kg6 52. Rd3 Rg1+ 53. Kf4 Rf1+ 54. Ke5 Re1+ 55. Be3 Kf7 56. Kf4 Rf1+ 57. Ke5 1/2-1/2

[Event "Lasker Köln- Rheinhausen"]
[Site "?"]
[Date "2024.03.17"]
[Round "7.4"]
[White "Diesner, Michael"]
[Black "Heinert, Alex"]
[Result "1/2-1/2"]
[WhiteElo "2005"]
[BlackElo "2098"]
[PlyCount "109"]
[EventDate "2024.03.15"]
[SourceVersionDate "2020.03.16"]
[WhiteTeam "Kölner SK Dr. Lasker 2"]
[BlackTeam "OSC Rheinhausen"]

1. Nf3 c5 2. c4 g6 3. d4 cxd4 4. Nxd4 Bg7 5. e4 Nc6 6. Be3 Nh6 7. Be2 f5 8. exf5 Nxf5 9. Nxf5 Qa5+ 10. Nc3 Qxf5 11. Rc1 O-O 12. O-O d6 13. h3 Qe5 14. Re1 Bf5 15. Bf3 Qa5 16. Qd5+ Qxd5 17. Bxd5+ Kh8 18. Bg5 Bf6 19. Bxf6+ exf6 20. g4 Bd7 21. Nb5 Ne5 22. Nxd6 Bc6 23. Bxc6 bxc6 24. Re3 g5 25. Rd1 Kg8 26. c5 Rad8 27. Rd4 Rd7 28. Rb4 h6 29. Kg2 Rfd8 30. Reb3 Nf7 31. Nf5 Kh7 32. Rb7 Ne5 33. Nd6 Kg6 34. Kg3 h5 35. gxh5+ Kxh5 36. f4 gxf4+ 37. Kxf4 Nd3+ 38. Kf5 Nxc5 39. Rxd7 Rxd7 40. Rb8 Kh6 41. Nc4 Rd5+ 42. Kf4 Rd4+ 43. Kf5 Rxc4 44. Rc8 Ne4 45. b3 Nd6+ 46. Kxf6 Nxc8 47. bxc4 Nd6 48. c5 Ne4+ 49. Ke5 Nxc5 50. Kd6 Ne4+ 51. Kxc6 Nc3 52. a3 Kg5 53. Kb7 a5 54. Kb6 a4 55. Ka5 1/2-1/2

[Event "Lasker Köln- Rheinhausen"]
[Site "?"]
[Date "2024.03.17"]
[Round "7.5"]
[White "Liedmann, Dennis"]
[Black "Denay, Baris"]
[Result "0-1"]
[WhiteElo "1982"]
[BlackElo "2013"]
[PlyCount "84"]
[EventDate "2024.03.15"]
[SourceVersionDate "2020.03.16"]
[WhiteTeam "OSC Rheinhausen"]
[BlackTeam "Kölner SK Dr. Lasker 2"]

1. d4 Nf6 2. Nf3 e6 3. e3 c5 4. Bd3 b6 5. b3 Bb7 6. Bb2 Be7 7. c4 O-O 8. Nc3 d5 9. cxd5 exd5 10. O-O Nbd7 11. Rc1 Re8 12. dxc5 Bxc5 13. Na4 Bd6 14. Bb5 Rf8 15. Bc6 Bxc6 16. Rxc6 Qe7 17. Qc1 b5 18. Nc3 Nb8 19. Rxd6 Qxd6 20. Nxb5 Qd7 21. a4 Rc8 22. Qa1 Qe7 23. Ba3 Qe6 24. Nd6 Rf8 25. Nd4 Qd7 26. Rc1 Rd8 27. N4f5 Qe6 28. Rc7 Nbd7 29. Qc3 h6 30. Nd4 Qg4 31. f3 Qh5 32. N4f5 g6 33. g4 Qh3 34. Ne7+ Kg7 35. e4 d4 36. Qc4 Ne5 37. Nef5+ gxf5 38. Rxf7+ Kh8 39. Rxf6 Nxc4 40. bxc4 Qxf3 41. Rxh6+ Kg7 42. Re6 Qxg4+ 0-1

[Event "Lasker Köln- Rheinhausen"]
[Site "?"]
[Date "2024.03.17"]
[Round "7.6"]
[White "Pericic, Boris"]
[Black "Jentzsch, David"]
[Result "0-1"]
[WhiteElo "1938"]
[BlackElo "1959"]
[PlyCount "102"]
[EventDate "2024.03.15"]
[SourceVersionDate "2020.03.16"]
[WhiteTeam "Kölner SK Dr. Lasker 2"]
[BlackTeam "OSC Rheinhausen"]

1. e4 e5 2. Nc3 Nf6 3. f4 d5 4. exd5 exf4 5. d4 Nxd5 6. Nxd5 Qxd5 7. c4 Bb4+ 8. Kf2 Qd8 9. Nf3 O-O 10. c5 Bxc5 11. Bxf4 Bb6 12. Bd3 Bg4 13. Bxh7+ Kxh7 14. Qd3+ Kg8 15. Be5 Bxf3 16. gxf3 Nc6 17. Bxg7 Bxd4+ 18. Bxd4 Qxd4+ 19. Qxd4 Nxd4 20. Rhg1+ Kh7 21. Rg4 Nf5 22. Rg5 Nh6 23. Rc1 c6 24. Rc4 Rad8 25. Ra5 a6 26. Rb4 Rd7 27. Rh5 Re8 28. Kg3 Re6 29. h4 Kg7 30. a4 Red6 31. Rg5+ Rg6 32. Kf4 Rxg5 33. hxg5 Ng8 34. Ke4 f6 35. Kf5 fxg5 36. Kxg5 b5 37. axb5 axb5 38. Kf5 Kf7 39. Ke5 Rd5+ 40. Ke4 Nf6+ 41. Ke3 Ke6 42. Rh4 Rh5 43. Rxh5 Nxh5 44. Kd4 Kd6 45. Ke4 c5 46. f4 Ng3+ 47. Kf3 Nf5 48. Ke4 Ke6 49. b3 Nd6+ 50. Kf3 Kf5 51. Ke3 Nc8 0-1

[Event "Lasker Köln- Rheinhausen"]
[Site "?"]
[Date "2024.03.17"]
[Round "7.7"]
[White "Vijayakumar, Prusoth"]
[Black "Simon, Martin"]
[Result "1-0"]
[WhiteElo "1844"]
[BlackElo "1855"]
[PlyCount "141"]
[EventDate "2024.03.15"]
[SourceVersionDate "2020.03.16"]
[WhiteTeam "OSC Rheinhausen"]
[BlackTeam "Kölner SK Dr. Lasker 2"]

1. e4 d5 2. exd5 Qxd5 3. Nc3 Qd8 4. d4 c6 5. Bc4 Nf6 6. Nf3 Bg4 7. Bxf7+ Kxf7 8. Ne5+ Kg8 9. Nxg4 Nxg4 10. Qxg4 Qd7 11. Qe4 g6 12. Bg5 Qf5 13. Qxf5 gxf5 14. Rd1 e6 15. Bf6 Bg7 16. Bxg7 Kxg7 17. O-O Nd7 18. Rfe1 Rhe8 19. Re3 Kf7 20. Rde1 Rad8 21. Ne2 Nf6 22. c3 Rd7 23. Nf4 Rde7 24. Nd3 Nd7 25. Kf1 Rg8 26. b3 Rg4 27. g3 Rg8 28. Nb2 Nf6 29. R3e2 Rd8 30. f3 Nd5 31. Nd1 Nf6 32. Re5 Nd7 33. R5e3 Nf6 34. Ke2 Rd5 35. Kd3 Rdd7 36. Re5 b6 37. Kc2 Rd6 38. R5e2 Nd5 39. a3 Rd8 40. c4 Nc7 41. Kc3 Red7 42. Rd2 c5 43. Nf2 Rxd4 44. Rxd4 Rxd4 45. b4 b5 46. cxb5 Nxb5+ 47. Kb3 c4+ 48. Ka4 Nc3+ 49. Ka5 Nd5 50. Rd1 e5 51. Rxd4 exd4 52. Kb5 Ne3 53. Kc5 d3 54. Kd4 Nc2+ 55. Kxc4 Nxa3+ 56. Kxd3 Ke6 57. Kd4 Kd6 58. Nd1 Nb5+ 59. Kc4 Na3+ 60. Kb3 Nb5 61. Kc4 Na3+ 62. Kd3 Nb5 63. Ne3 Ke5 64. f4+ Ke6 65. Kc4 Nd6+ 66. Kc5 Kd7 67. Kd5 Kc7 68. Ke6 Kc6 69. Nxf5 Ne8 70. Nd4+ Kb6 71. f5 1-0

[Event "Lasker Köln- Rheinhausen"]
[Site "?"]
[Date "2024.03.17"]
[Round "7.8"]
[White "Janknecht, Eckart"]
[Black "Seifert, Hendrik"]
[Result "1/2-1/2"]
[WhiteElo "1829"]
[BlackElo "1743"]
[PlyCount "188"]
[EventDate "2024.03.15"]
[SourceVersionDate "2020.03.16"]
[WhiteTeam "Kölner SK Dr. Lasker 2"]
[BlackTeam "OSC Rheinhausen"]

1. e4 e6 2. d4 d5 3. Nc3 Bb4 4. e5 c5 5. Bd2 Ne7 6. a3 Bxc3 7. Bxc3 cxd4 8. Qxd4 Nbc6 9. Qg4 Nf5 10. Bb5 Qb6 11. Bxc6+ bxc6 12. Qb4 c5 13. Qxb6 axb6 14. Ne2 Ba6 15. Nf4 h5 16. b4 d4 17. Bb2 c4 18. a4 Bb7 19. O-O g5 20. Nh3 Rg8 21. a5 bxa5 22. Rxa5 Rxa5 23. bxa5 Nh4 24. f3 g4 25. Nf4 gxf3 26. g3 Nf5 27. Nxh5 Ke7 28. Ba3+ Kd8 29. Rc1 Rg5 30. Nf4 Be4 31. a6 Bxc2 32. a7 Be4 33. Rb1 d3 34. Kf2 Nd4 35. Bc1 Rxe5 36. Rb8+ Kd7 37. a8=Q Bxa8 38. Rxa8 Nb3 39. Ra7+ Ke8 40. Ra8+ Kd7 41. Ra4 d2 42. Bxd2 Nxd2 43. Ra2 c3 44. Rc2 Rb5 45. Nd3 e5 46. Ke3 Nb1 47. g4 Ke6 48. Kxf3 f5 49. gxf5+ Kxf5 50. Ke3 Rb8 51. Rc1 e4 52. Nf2 Rb3 53. Nxe4 c2+ 54. Kd4 Rb4+ 55. Kd3 Rxe4 56. Rf1+ Ke5 57. Kxc2 Na3+ 58. Kd3 Rh4 59. Rf2 Rh3+ 60. Ke2 Nc4 61. Ke1 Ke4 62. Rg2 Ne5 63. Re2+ Kf4 64. Rf2+ Nf3+ 65. Ke2 Kg4 66. Rg2+ Kh4 67. Rg3 Nd4+ 68. Kf2 Rxh2+ 69. Rg2 Rh3 70. Rg8 Rf3+ 71. Ke1 Ne6 72. Ke2 Ra3 73. Kd2 Ng5 74. Kc2 Kg4 75. Kb2 Rh3 76. Rf8 Ne4 77. Rf7 Nd6 78. Rf8 Nf5 79. Rc8 Kf4 80. Rc4+ Ke5 81. Rc3 Rh4 82. Rc5+ Ke4 83. Rc4+ Nd4 84. Kc3 Kd5 85. Rc8 Rh3+ 86. Kd2 Nb3+ 87. Kc2 Nc5 88. Rd8+ Kc4 89. Kd2 Ne6 90. Re8 Nf4 91. Rc8+ Kd4 92. Rd8+ Nd5 93. Ke2 Ke4 94. Re8+ Kd4 1/2-1/2

[Event "Düsseldorf-Süd - Dormagen"]
[Site "?"]
[Date "2024.03.17"]
[Round "7.1"]
[White "Hautot, Stephane"]
[Black "Gula, Julian"]
[Result "1/2-1/2"]
[WhiteElo "2364"]
[BlackElo "2145"]
[PlyCount "79"]
[EventDate "2024.??.??"]
[SourceVersionDate "2020.03.16"]

1. Nf3 d5 2. g3 c6 3. Bg2 e6 4. O-O Bd6 5. d3 Nf6 6. Nbd2 O-O 7. e4 Nbd7 8. c3 Qc7 9. Re1 Rd8 10. Qe2 dxe4 11. dxe4 e5 12. Nc4 Be7 13. Rd1 b5 14. Ne3 Bb7 15. Nf5 Bf8 16. N3h4 a6 17. Rf1 c5 18. g4 c4 19. g5 Ne8 20. Ne3 Nb6 21. f4 exf4 22. Ng4 Qc5+ 23. Kh1 Qxg5 24. Nf5 Nf6 25. Nxf6+ Qxf6 26. Bxf4 Qe6 27. Nd4 Qg6 28. Rg1 Re8 29. e5 Bxg2+ 30. Rxg2 Qd3 31. Qg4 Qe4 32. Qg3 Nd5 33. Rf1 Nxf4 34. Rxf4 Qxe5 35. Qf3 Qe3 36. Nf5 Qxf3 37. Nh6+ Kh8 38. Nxf7+ Kg8 39. Nh6+ Kh8 40. Nf7+ 1/2-1/2

[Event "Düsseldorf-Süd - Dormagen"]
[Site "?"]
[Date "2024.03.17"]
[Round "7.2"]
[White "Tagsold, Christian"]
[Black "Harff, Marcel"]
[Result "0-1"]
[WhiteElo "2146"]
[BlackElo "2308"]
[PlyCount "77"]
[EventDate "2024.??.??"]
[SourceVersionDate "2020.03.16"]

1. c4 e5 2. g3 Nc6 3. Bg2 g6 4. Nc3 Bg7 5. d3 d6 6. Rb1 a5 7. a3 Be6 8. b4 axb4 9. axb4 Qd7 10. Nd5 Rb8 11. b5 Nce7 12. b6 Bxd5 13. bxc7 Qxc7 14. cxd5 Nxd5 15. Bd2 Nge7 16. Qa4+ Qd7 17. Qb3 Nf6 18. Nf3 O-O 19. O-O h6 20. Rfc1 b5 21. Ne1 Rfc8 22. Rxc8+ Nxc8 23. Nc2 d5 24. Nb4 Ne7 25. Rc1 Qe6 26. Ra1 e4 27. Ra6 Qd7 28. h3 Nf5 29. Bf4 Re8 30. Qa2 g5 31. Rxf6 Bxf6 32. Nxd5 Bg7 33. dxe4 gxf4 34. exf5 fxg3 35. f6 gxf2+ 36. Kf1 Bf8 37. Qb3 Re5 38. Kxf2 Qf5+ 39. Ke1 0-1

[Event "Düsseldorf-Süd - Dormagen"]
[Site "?"]
[Date "2024.03.17"]
[Round "7.3"]
[White "Balduan, Markus"]
[Black "Kontorovitch, Vladimir"]
[Result "1/2-1/2"]
[WhiteElo "2284"]
[BlackElo "2063"]
[PlyCount "128"]
[EventDate "2024.??.??"]
[SourceVersionDate "2020.03.16"]

1. c4 e5 2. g3 Nc6 3. Bg2 g6 4. Nc3 Bg7 5. Rb1 d6 6. b4 a6 7. a4 f5 8. d3 Nf6 9. Bg5 h6 10. Bxf6 Bxf6 11. Nd5 Bg7 12. b5 axb5 13. axb5 Ne7 14. Nf3 O-O 15. Nd2 Kh7 16. O-O Nxd5 17. cxd5 b6 18. Qb3 h5 19. Rfc1 Bh6 20. Rc2 Bxd2 21. Rxd2 Bd7 22. Ra2 Rxa2 23. Qxa2 Qa8 24. Qc4 Qa7 25. e3 Rf7 26. Bf1 Be8 27. Rb4 Qa3 28. Ra4 Qc5 29. d4 Qxc4 30. Bxc4 exd4 31. exd4 Re7 32. Ra1 Kg7 33. h4 Kf6 34. Kg2 Re4 35. Rd1 g5 36. hxg5+ Kxg5 37. f4+ Kf6 38. Kh3 Re3 39. Rc1 Bf7 40. Bf1 Bxd5 41. Bg2 Bxg2+ 42. Kxg2 Rb3 43. Rxc7 Rxb5 44. Kf3 Ke6 45. Rh7 Kd5 46. Rh6 Rb3+ 47. Kf2 Rd3 48. Rf6 Kxd4 49. Rxd6+ Ke4 50. Re6+ Kd4 51. Rxb6 Rd2+ 52. Kf3 Rd3+ 53. Kg2 Rd2+ 54. Kh3 Ke4 55. Rb5 Rd1 56. Rb4+ Kf3 57. Rb3+ Ke4 58. Kh4 Rh1+ 59. Kg5 Rh3 60. Ra3 Rh1 61. Ra8 Rh3 62. Re8+ Kf3 63. Kxf5 Rxg3 64. Rh8 Rg4 1/2-1/2

[Event "Düsseldorf-Süd - Dormagen"]
[Site "?"]
[Date "2024.03.17"]
[Round "7.4"]
[White "Hoffmann, Andre"]
[Black "Litwak, Aleksej"]
[Result "1-0"]
[WhiteElo "1991"]
[BlackElo "2259"]
[PlyCount "107"]
[EventDate "2024.??.??"]
[SourceVersionDate "2020.03.16"]

1. e4 c5 2. Nf3 d6 3. d4 cxd4 4. Nxd4 Nf6 5. f3 e5 6. Nb3 d5 7. Bg5 Be6 8. Bxf6 gxf6 9. exd5 Qxd5 10. Qxd5 Bxd5 11. Nc3 Bc6 12. O-O-O Bh6+ 13. Kb1 O-O 14. Nd5 Bxd5 15. Rxd5 Nc6 16. Bb5 Nb4 17. Rd7 a6 18. Be2 b5 19. Rd6 Rfd8 20. Rhd1 Rxd6 21. Rxd6 Bf8 22. Rd7 Rc8 23. c3 Nc6 24. Bd3 Rd8 25. Rxd8 Nxd8 26. c4 b4 27. c5 Ne6 28. c6 Nc7 29. Kc2 h6 30. Na5 Bc5 31. Nb7 Bg1 32. h3 Kf8 33. Kb3 Bd4 34. Kxb4 Bxb2 35. Nc5 Ke7 36. Nxa6 Nxa6+ 37. Bxa6 Kd6 38. Kb5 Bd4 39. Bc8 Ke7 40. Bd7 Kd6 41. Be8 Be3 42. Bxf7 Bd4 43. Bg6 Be3 44. g4 Bd4 45. Be8 Be3 46. Kc4 Bf2 47. Kd3 Bd4 48. Ke4 Bb6 49. Kf5 Ke7 50. Bh5 Be3 51. c7 Kd7 52. Kxf6 Bf4 53. h4 Bg3 54. Kg6 1-0

[Event "Düsseldorf-Süd - Dormagen"]
[Site "?"]
[Date "2024.03.17"]
[Round "7.5"]
[White "Wimmer, Juergen"]
[Black "Reinartz, Achim"]
[Result "1-0"]
[WhiteElo "2185"]
[BlackElo "1945"]
[PlyCount "105"]
[EventDate "2024.??.??"]
[SourceVersionDate "2020.03.16"]

1. d4 d5 2. Nf3 Nf6 3. g3 e6 4. Bg2 Be7 5. O-O O-O 6. c4 c6 7. Qc2 Nbd7 8. Nbd2 Re8 9. Rd1 Bf8 10. e4 dxe4 11. Nxe4 Nxe4 12. Qxe4 Nf6 13. Qe2 h6 14. Bf4 Nh7 15. a3 a5 16. Rac1 g5 17. Be3 Bg7 18. Ne5 f6 19. Nd3 Bd7 20. Nc5 Rb8 21. Qd2 Bc8 22. d5 exd5 23. cxd5 Bg4 24. f3 Bf5 25. dxc6 Qxd2 26. Bxd2 bxc6 27. b4 axb4 28. Bxb4 Bf8 29. f4 Bxc5+ 30. Rxc5 Be4 31. Bxe4 Rxe4 32. fxg5 hxg5 33. Rxc6 Rb7 34. Rdc1 Kf7 35. R6c4 Re2 36. R1c2 Rxc2 37. Rxc2 g4 38. Kf2 Ng5 39. Ke3 Rd7 40. Ra2 Ke6 41. a4 Rh7 42. Bc3 Rc7 43. Bd2 Nf3 44. h4 Ne5 45. a5 Rd7 46. a6 Nc6 47. Ke2 Kd5 48. Be3 Re7 49. a7 Nxa7 50. Rxa7 Re8 51. Kd3 Rd8 52. Bd4 f5 53. Rf7 1-0

[Event "Düsseldorf-Süd - Dormagen"]
[Site "?"]
[Date "2024.03.17"]
[Round "7.6"]
[White "Hamm, Norbert"]
[Black "Lafosse, Jimmy"]
[Result "0-1"]
[WhiteElo "1947"]
[BlackElo "2187"]
[PlyCount "66"]
[EventDate "2024.??.??"]
[SourceVersionDate "2020.03.16"]

1. d4 e6 2. c4 Nf6 3. g3 c5 4. d5 exd5 5. cxd5 Bd6 6. Nc3 O-O 7. Nf3 Bc7 8. Bg2 d6 9. O-O a6 10. a4 Nbd7 11. Re1 Re8 12. h3 Rb8 13. Qd3 Nf8 14. e4 Ng6 15. Be3 Bd7 16. b3 b5 17. axb5 axb5 18. Nd2 h6 19. f4 Ba5 20. Bf2 h5 21. Be3 h4 22. g4 c4 23. bxc4 bxc4 24. Nxc4 Bxc3 25. Qxc3 Nxe4 26. Qd4 Nc5 27. Rab1 Qc7 28. f5 Ne5 29. Rxb8 Qxb8 30. Nxe5 Rxe5 31. Bf2 Rxe1+ 32. Bxe1 Qb1 33. Kf1 Bb5+ 0-1